| 000 | 01074nam a22003371i 4500 | ||
|---|---|---|---|
| 999 |
_c2213 _d2213 |
||
| 001 | 019624085 | ||
| 003 | UkOxU | ||
| 005 | 20230331083912.0 | ||
| 008 | 130829s2013 enka j 000 f eng|d | ||
| 015 |
_aGBB3A1116 _2bnb |
||
| 016 | 7 |
_a016536806 _2Uk |
|
| 020 | _a9780440869887 (pbk.) : | ||
| 035 | _a(Uk)016536806 | ||
| 040 |
_aStDuBDS _beng _erda _cStDuBDS _dUk _dKH8 |
||
| 042 | _aukblsr | ||
| 082 | 0 | 4 |
_a823.92 WIL _223 |
| 100 | 1 |
_aWilson, Jacqueline, _eauthor. |
|
| 245 | 1 | 0 |
_aQueenie / _cJacqueline Wilson ; illustrated by Nick Sharratt. |
| 264 | 1 |
_aLondon : _bCorgi Yearling, _c2013. |
|
| 300 |
_a409 pages : _billustrations (black and white) ; _c20 cm |
||
| 336 |
_atext _2rdacontent |
||
| 336 |
_astill image _2rdacontent |
||
| 337 |
_aunmediated _2rdamedia |
||
| 338 |
_avolume _2rdacarrier |
||
| 500 | _aOriginally published: London: Doubleday, 2013. | ||
| 500 |
_aFormerly CIP. _5Uk |
||
| 651 | 0 |
_aGreat Britain _xHistory _y20th century _vJuvenile fiction. |
|
| 655 | 0 | _aChildren's stories. | |
| 700 | 1 |
_aSharratt, Nick, _eillustrator. |
|
| 942 |
_2ddc _cNFIC |
||